Vista normal
Vista MARC
Entrada Materia (personas)
Número de registros utilizados en: 1
001 - CONTROL NUMBER
- control field: 52932
003 - CONTROL NUMBER IDENTIFIER
- control field: Co-BoUCM
005 - DATE AND TIME OF LATEST TRANSACTION
- control field: 20131213102039.0
008 - FIXED-LENGTH DATA ELEMENTS
- fixed length control field: 131213|| aca||aabn | a|a d
040 ## - CATALOGING SOURCE
- Original cataloging agency: Co-BoUCM
- Transcribing agency: Co-BoUCM
100 ## - HEADING--PERSONAL NAME
- Personal name: Alzate Alzate, Natalia
670 ## - SOURCE DATA FOUND
- Source citation: Work cat.: (Co-BoUCM)184449: Alzate Alzate, Natalia, Crianza de uno, crianza de todos, 2012